<?xml version="1.0" encoding="UTF-8"?>
<record
    xmlns:xsi="http://www.w3.org/2001/XMLSchema-instance"
    xsi:schemaLocation="http://www.loc.gov/MARC21/slim http://www.loc.gov/standards/marcxml/schema/MARC21slim.xsd"
    xmlns="http://www.loc.gov/MARC21/slim">

  <leader>00988nam0a22002771  4500</leader>
  <controlfield tag="001">rc\2881022</controlfield>
  <controlfield tag="005">20250529213536.0</controlfield>
  <datafield tag="035" ind1=" " ind2=" ">
    <subfield code="a">(NLR Aleph) 007033855</subfield>
  </datafield>
  <datafield tag="090" ind1=" " ind2=" ">
    <subfield code="a">6030105</subfield>
    <subfield code="c">6030105</subfield>
  </datafield>
  <datafield tag="100" ind1=" " ind2=" ">
    <subfield code="a">20110723d1929    |||y0rusy50      ca</subfield>
  </datafield>
  <datafield tag="101" ind1="1" ind2=" ">
    <subfield code="a">rus</subfield>
    <subfield code="c">ger</subfield>
  </datafield>
  <datafield tag="102" ind1=" " ind2=" ">
    <subfield code="a">RU</subfield>
  </datafield>
  <datafield tag="105" ind1=" " ind2=" ">
    <subfield code="a">y   z   |||||</subfield>
  </datafield>
  <datafield tag="200" ind1="1" ind2=" ">
    <subfield code="a">9-&#x435; &#x43D;&#x43E;&#x44F;&#x431;&#x440;&#x44F;</subfield>
    <subfield code="e">&#x420;&#x43E;&#x43C;&#x430;&#x43D;</subfield>
    <subfield code="e">&#x410;&#x432;&#x442;&#x43E;&#x440;&#x438;&#x437;. &#x43F;&#x435;&#x440;. &#x441; &#x43D;&#x435;&#x43C;.</subfield>
    <subfield code="f">&#x41F;&#x43E;&#x434; &#x440;&#x435;&#x434;. &#x438; &#x441; &#x43F;&#x440;&#x435;&#x434;&#x438;&#x441;&#x43B;. &#x412;.&#x41C;. &#x424;&#x440;&#x438;&#x447;&#x435;</subfield>
  </datafield>
  <datafield tag="210" ind1=" " ind2=" ">
    <subfield code="a">&#x41C;&#x43E;&#x441;&#x43A;&#x432;&#x430;</subfield>
    <subfield code="a">&#x41B;&#x435;&#x43D;&#x438;&#x43D;&#x433;&#x440;&#x430;&#x434;</subfield>
    <subfield code="c">&#x417;&#x435;&#x43C;&#x43B;&#x44F; &#x438; &#x444;&#x430;&#x431;&#x440;&#x438;&#x43A;&#x430;</subfield>
    <subfield code="d">1929</subfield>
    <subfield code="e">&#x41C;&#x43E;&#x441;&#x43A;&#x432;&#x430;</subfield>
  </datafield>
  <datafield tag="215" ind1=" " ind2=" ">
    <subfield code="a">468 &#x441;.</subfield>
    <subfield code="d">20 &#x441;&#x43C;</subfield>
  </datafield>
  <datafield tag="225" ind1="1" ind2=" ">
    <subfield code="a">&#x421;&#x43E;&#x431;&#x440;&#x430;&#x43D;&#x438;&#x435; &#x441;&#x43E;&#x447;&#x438;&#x43D;&#x435;&#x43D;&#x438;&#x439;</subfield>
    <subfield code="f">&#x411;. &#x41A;&#x435;&#x43B;&#x43B;&#x435;&#x440;&#x43C;&#x430;&#x43D;</subfield>
    <subfield code="v">&#x422;. 7</subfield>
  </datafield>
  <datafield tag="300" ind1=" " ind2=" ">
    <subfield code="a">&#x41D;&#x430; &#x43E;&#x431;&#x43B;. &#x442;&#x43E;&#x43B;&#x44C;&#x43A;&#x43E; &#x447;&#x430;&#x441;&#x442;&#x43D;&#x43E;&#x435; &#x437;&#x430;&#x433;&#x43B;. &#x442;&#x43E;&#x43C;&#x430;</subfield>
  </datafield>
  <datafield tag="700" ind1=" " ind2="1">
    <subfield code="a">&#x41A;&#x435;&#x43B;&#x43B;&#x435;&#x440;&#x43C;&#x430;&#x43D;</subfield>
    <subfield code="b">&#x411;.</subfield>
    <subfield code="f">1879-1951</subfield>
    <subfield code="g">&#x411;&#x435;&#x440;&#x43D;&#x433;&#x430;&#x440;&#x434;</subfield>
  </datafield>
  <datafield tag="702" ind1=" " ind2="1">
    <subfield code="a">&#x424;&#x440;&#x438;&#x447;&#x435;</subfield>
    <subfield code="b">&#x412;.&#x41C;.</subfield>
    <subfield code="4">340</subfield>
  </datafield>
  <datafield tag="801" ind1=" " ind2="0">
    <subfield code="a">RU</subfield>
    <subfield code="b">NLR</subfield>
    <subfield code="g">psbo</subfield>
  </datafield>
  <datafield tag="801" ind1=" " ind2="1">
    <subfield code="a">RU</subfield>
    <subfield code="b">ELAR</subfield>
    <subfield code="2">rusmarc</subfield>
  </datafield>
  <datafield tag="852" ind1=" " ind2=" ">
    <subfield code="a">NLR</subfield>
    <subfield code="j">73/343</subfield>
  </datafield>
  <datafield tag="852" ind1=" " ind2=" ">
    <subfield code="a">NLR</subfield>
    <subfield code="b">&#x41B;</subfield>
    <subfield code="j">60 &#x412;-3/520-7</subfield>
  </datafield>
  <datafield tag="942" ind1=" " ind2=" ">
    <subfield code="c">BOOK</subfield>
  </datafield>
  <datafield tag="980" ind1=" " ind2=" ">
    <subfield code="a">NB</subfield>
  </datafield>
  <datafield tag="995" ind1=" " ind2=" ">
    <subfield code="5">2013-10-26</subfield>
    <subfield code="b">NLR02</subfield>
    <subfield code="c">NLR02</subfield>
    <subfield code="e">RFS</subfield>
    <subfield code="f">7033855-10</subfield>
    <subfield code="k">73/343</subfield>
    <subfield code="o">0</subfield>
    <subfield code="r">BOOK</subfield>
    <subfield code="s">73343_</subfield>
  </datafield>
  <datafield tag="995" ind1=" " ind2=" ">
    <subfield code="5">2013-10-26</subfield>
    <subfield code="b">NLR02</subfield>
    <subfield code="c">NLR02</subfield>
    <subfield code="e">RFS</subfield>
    <subfield code="f">7033855-20</subfield>
    <subfield code="k">&#x41B; 60 &#x412;-3/520-7</subfield>
    <subfield code="o">0</subfield>
    <subfield code="r">BOOK</subfield>
    <subfield code="s">_6035207</subfield>
  </datafield>
</record>
